Normal view
MARC view
- Industrial management
Entry Topical Term
001 - CONTROL NUMBER
- control field: 6738
003 - CONTROL NUMBER IDENTIFIER
- control field: OSt
005 - DATE AND TIME OF LATEST TRANSACTION
- control field: 20170522113135.0
008 - FIXED-LENGTH DATA ELEMENTS
- fixed length control field: 170522|| aca||aabn | a|a d
040 ## - CATALOGING SOURCE
- Original cataloging agency: OSt
- Transcribing agency: OSt
150 ## - HEADING--TOPICAL TERM
- Topical term or geographic name entry element: Industrial management
- General subdivision: Research
670 ## - SOURCE DATA FOUND
- Source citation: Work cat.: (OSt): Davis, Duane, 1950- 6737, Business research for decision making /, c1985

PORTAL AKMAL
E-MEL JKDM
AKMAL2U
G-BAM
u-PUSTAKA